Southville International School and Colleges
Your cart is empty.
  • Cart
  • Lists
    Public lists Eva Luna New books Lux_list list_1
    Your lists Log in to create your own lists
  • Log in to your account
  • Your cookies
  • Search history
Southville International School and Colleges
  • Advanced search
  • Recent comments
  • Most popular
  • Libraries

Log in to your account

Log in with GOOGLE


If you do not have an external account, but do have a local account, you can still log in:

  1. Home
  2. MARC view: Economics, entrepreneurship and taxation /
Normal view MARC view ISBD view

Economics, entrepreneurship and taxation / (Record no. 356774)

[ view plain ]
MARC details
000 -LEADER
fixed length control field 00600nam a2200229Ia 4500
008 - FIXED-LENGTH DATA ELEMENTS--GENERAL INFORMATION
fixed length control field 180523s9999 xx 000 0 und d
020 ## - INTERNATIONAL STANDARD BOOK NUMBER
International Standard Book Number 978-981-4687-33-1
050 ## - LIBRARY OF CONGRESS CALL NUMBER
Classification number MAIN HB 171.5
050 ## - LIBRARY OF CONGRESS CALL NUMBER
Item number .S49 2015
100 ## - MAIN ENTRY--PERSONAL NAME
Personal name Sexton, Robert L.
245 #0 - TITLE STATEMENT
Title Economics, entrepreneurship and taxation /
245 #0 - TITLE STATEMENT
Statement of responsibility, etc Robert L. Sexton, Cynthia L. Greene.
260 ## - PUBLICATION, DISTRIBUTION, ETC. (IMPRINT)
Place of publication, distribution, etc Singapore :
260 ## - PUBLICATION, DISTRIBUTION, ETC. (IMPRINT)
Name of publisher, distributor, etc Cengage Learning,
260 ## - PUBLICATION, DISTRIBUTION, ETC. (IMPRINT)
Date of publication, distribution, etc 2015
300 ## - PHYSICAL DESCRIPTION
Extent 399 pages :
300 ## - PHYSICAL DESCRIPTION
Other physical details illustrations ;
300 ## - PHYSICAL DESCRIPTION
Dimensions 26 cm.
650 ## - SUBJECT ADDED ENTRY--TOPICAL TERM
Topical term or geographic name as entry element Economics.
650 ## - SUBJECT ADDED ENTRY--TOPICAL TERM
Topical term or geographic name as entry element Taxation.
650 ## - SUBJECT ADDED ENTRY--TOPICAL TERM
General subdivision Entrepreneurship.
Holdings
Withdrawn status Lost status Damaged status Home library Current library Shelving location Date acquired Cost, normal purchase price Total Checkouts Full call number Barcode Date last seen Price effective from Koha item type
      South Mansfield College South Mansfield College   01/07/2016 576.30   MAIN HB 171.5 .S49 2015 SMC06019 05/23/2018 05/23/2018  

Economics, entrepreneurship and taxation /

APA

Sexton R. L., .Economics, entrepreneurship and taxation. Singapore: .

Chicago

Sexton Robert L, .Economics, entrepreneurship and taxation. Singapore: .

Harvard

Sexton R. L., .Economics, entrepreneurship and taxation. Singapore: .

MLA

Sexton Robert L, .Singapore: . .

  • Place hold
  • Print
  • Cite
  • Add to your cart (remove)
  • Save record
    BIBTEX Dublin Core MARCXML MARC (non-Unicode/MARC-8) MARC (Unicode/UTF-8) MARC (Unicode/UTF-8, Standard) MODS (XML) RIS
  • More searches
    Search for this title in:
    Other Libraries (WorldCat) Other Databases (Google Scholar) Online Stores (Bookfinder.com) Open Library (openlibrary.org)

Exporting to Dublin Core...

SOUTHVILLE LIBRARY

Southville International School and Colleges Library

1281 Tropical Ave. Cor. Luxembourg St., BF Homes International, Las Pinas City

Tel. No. 8256374 / 252358 Loc. 117/146

Powered by Koha